NFL Teams Starting Tight End 2022 - Statistics

General Stats
  • This quiz has been taken 87 times
  • The average score is 18 of 32
Answer Stats
Hint Answer % Correct
Chiefs Travis Kelce
90%
Ravens Mark Andrews
87%
Bills Dawson Knox
85%
Patriots Hunter Henry
83%
49ers George Kittle
82%
Lions T.J. Hockenson
76%
Raiders Darren Waller
75%
Eagles Dallas Goedert
73%
Dolphins Mike Gesicki
73%
Browns David Njoku
70%
Falcons Kyle Pitts
70%
Cardinals Zach Ertz
69%
Cowboys Dalton Schultz
68%
Jaguars Evan Engram
68%
Bengals Hayden Hurst
61%
Vikings Irv Smith Jr.
58%
Rams Tyler Higbee
56%
Seahawks Noah Fant
55%
Packers Robert Tonyan
55%
Bears Cole Kmet
54%
Steelers Pat Freiermuth
51%
Commanders Logan Thomas
49%
Jets C.J. Uzomah
48%
Chargers Gerald Everett
48%
Panthers Ian Thomas
48%
Titans Austin Hooper
42%
Buccaneers Cameron Brate
34%
Saints Juwan Johnson
34%
Giants Daniel Bellinger
20%
Broncos Albert Okwuegbunam
14%
Texans Pharaoh Brown
13%
Colts Kylen Granson
7%
No matching quizzes found
Score Distribution
Percent of People with Each Score
Percentile by Number Answered
Your Score History
You have not taken this quiz